Student information hand book/ (Record no. 1322)
[ view plain ]
| 000 -LEADER | |
|---|---|
| fixed length control field | 00512nam a22001697a 4500 |
| 005 - DATE AND TIME OF LATEST TRANSACTION | |
| control field | 20240626092642.0 |
| 008 - FIXED-LENGTH DATA ELEMENTS--GENERAL INFORMATION | |
| fixed length control field | 240626b |||||||| |||| 00| 0 eng d |
| 040 ## - CATALOGING SOURCE | |
| Original cataloging agency | KMU |
| Transcribing agency | KMU |
| Modifying agency | KMU |
| Description conventions | rda |
| 110 ## - MAIN ENTRY--CORPORATE NAME | |
| Corporate name or jurisdiction name as entry element | The Copperbelt University |
| Subordinate unit | Dean of Students |
| 245 ## - TITLE STATEMENT | |
| Title | Student information hand book/ |
| Statement of responsibility, etc. | The copperbelt University |
| 260 ## - PUBLICATION, DISTRIBUTION, ETC. | |
| Date of publication, distribution, etc. | 2008 |
| 300 ## - PHYSICAL DESCRIPTION | |
| Extent | ii,37 p.: |
| Other physical details | ill.; |
| Dimensions | 19cm |
| 650 ## - SUBJECT ADDED ENTRY--TOPICAL TERM | |
| Topical term or geographic name entry element | The copperbelt University |
| 650 ## - SUBJECT ADDED ENTRY--TOPICAL TERM | |
| Topical term or geographic name entry element | Dean of Students |
| 650 ## - SUBJECT ADDED ENTRY--TOPICAL TERM | |
| Topical term or geographic name entry element | Student Information hand book |
| 942 ## - ADDED ENTRY ELEMENTS (KOHA) | |
| Source of classification or shelving scheme | Library of Congress Classification |
| Koha item type | Serials |
| Suppress in OPAC | No |
| Withdrawn status | Lost status | Damaged status | Not for loan | Collection | Home library | Current library | Shelving location | Date acquired | Source of acquisition | Total Checkouts | Full call number | Barcode | Date last seen | Price effective from | Koha item type |
|---|---|---|---|---|---|---|---|---|---|---|---|---|---|---|---|
| Non-fiction | Kapasa Makasa University | Kapasa Makasa University | Special Collection | 26.06.2024 | Donation | CBU(02)2008/1E | B4045 | 26.06.2024 | 26.06.2024 | Serials | |||||
| Non-fiction | Kapasa Makasa University | Kapasa Makasa University | Special Collection | 26.06.2024 | Donation | CBU(02)2008/1C | B4043 | 26.06.2024 | 26.06.2024 | Serials | |||||
| Non-fiction | Kapasa Makasa University | Kapasa Makasa University | Special Collection | 26.06.2024 | Donation | CBU(02)2008/1D | B4044 | 26.06.2024 | 26.06.2024 | Serials | |||||
| Non-fiction | Kapasa Makasa University | Kapasa Makasa University | Special Collection | 26.06.2024 | Donation | CBU(02)2008/1B | B4042 | 26.06.2024 | 26.06.2024 | Serials |